Návrat investičného ratingu

Zmena hodnotenia SR môže znamenať lepší prístup k lacnejším úverom a zvýšený záujem zahraničných investorov. Rating dlhodobých záväzkov v cudzej mene. Charakteristika ratingových stupníc.

Salvato in:
Dettagli Bibliografici
Autore principale: Václavová, Želmíra
Natura: Capitolo di libro
Lingua:slovacco
Soggetti:
Tags: Aggiungi Tag
Nessun Tag, puoi essere il primo ad aggiungerne!!

MARC

LEADER 00000naa a2200000 4500
001 r043386
005 20230920073540.1
041 0 |a slo 
044 |a SK 
245 1 0 |a Návrat investičného ratingu  |c Želmíra Václavová 
520 |a Zmena hodnotenia SR môže znamenať lepší prístup k lacnejším úverom a zvýšený záujem zahraničných investorov. Rating dlhodobých záväzkov v cudzej mene. Charakteristika ratingových stupníc. 
610 2 0 |a rating 
610 2 0 |a Slovensko 
610 2 0 |a investície 
610 2 0 |a investori 
610 2 0 |a veritelia 
610 2 0 |a dlhy 
100 1 |a Václavová, Želmíra